1422 1379 1485 1167 1387 1396 1237 1809 1559 1779 1705 1290 1280 1122 1151 1828 1257 1026 1598 1541 1380 1934 1106 1378 1659 1589 1984 1745 1883 1865 1995 1608 1898 1994 1829 1480 1472 1828 1156 1243 1362 1180 1712 1609 1792 1630 1164 1038 1873 1558 1566 1912 1452 1616 1945 1424 1693 1652 1529 2000 1734 1107 1868 1961 1177 1442 1558 1782 1092 1619 1257 1343 1647 1354 1255 1496 1984 1888 1750 1591 1368 1671 1386 1936 1851 1515 1597 1058 1854 1420 1767 1099 1520 1601 1836 1196 1224 1129 1320 BCNSPRNW ULIB Ver.6.0+V

เปลี่ยนเป็นภาษาไทย

Change to English
 แสดงรายละเอียดบรรณานุกรม
  กลับหน้าหลัก

Brief Record : Get Marc (ISO 2709) : E-mail record : QR code < ปิดหน้าต่าง
LEADER : 00000nam 2200000uu 4500
001    13399124794
003     ULIB
008    160324s2016||||th 000 0 eng d
020    ^a9780323290807(pbk.)
060 04 ^aWY128^bF341p
100 1  ^aFenstermacher, Karen,^eauthor.
245 10 ^aPractice guidelines for family nurse practitioners /^cKaren Fenstermacher, Barbara Toni Hudson
250    ^a4th ed.
300    ^aPhiladelphia, Pennsylvania :^bElsevier,^c[2016]
300    ^axi, 456 p. :^bill. ;^c24 cm.
504    ^aIncludes bibliographical references and index.
650  0 ^aFamily nursing.
650  0 ^aNurse practitioners.
650  2 ^aFamily nursing^xMethods.
650  2 ^aFamily nursing.
650  2 ^aNurse practitioners.
650  2 ^aPrimary care nursing.
700 1  ^aHudson, Barbara Toni,^eauthor.
945    ^p3200^l0^i000343
999    ^aเกษร โพธิ์สุวรรณ
รายการนี้ยังไม่มีแท็ก
คุณยังไม่ได้ล็อกอิน คุณสามารถมีกิจกรรมร่วมกับเว็บไซต์ได้ แต่ต้องล็อกอินก่อน ::
  ล็อกอิน

รายการสื่อสารสนเทศ

ลำดับที่ ประเภท เลขเรียก/บาร์โค้ด สถานที่ สถานะ
1. Book การพยาบาล
Book การพยาบาล
WY128 F341p ฉ.1 
  Barcode: 000343
ห้องสมุดวิทยาเขตสวรรค์ประชารักษ์
►หนังสือทั่วไป
บนชั้น

รายการใกล้เคียง
    หัวเรื่อง [Family nursing.]
    หัวเรื่อง [Nurse practitioners.]
    หัวเรื่อง [Family nursing.]
    หัวเรื่อง [Nurse practitioners.]
    หัวเรื่อง [Primary care nursing.]

BibComment


ยังไม่เคยถูกคอมเมนท์

คอมเมนท์ทรัพยากรรายการนี้
  คอมเมนท์: Practice guideli..


 Copyright 2026. Bcnsprnw @Library